Contabilidad de costos: una forma de ordenar el proceso (Registro nro. 3114)
[ vista simple ]
| 000 -CABECERA | |
|---|---|
| campo de control de longitud fija | 00698aam a2200241 4500 |
| 005 - FECHA Y HORA DE ACTUALIZACIÓN | |
| campo de control | 20230302151505.0 |
| 008 - LONGITUD FIJA | |
| campo de control de longitud fija | 150310b2012 xxu||||| |||| 00| 0 spa d |
| 041 ## - IDIOMA | |
| Código de idioma del texto/pista de sonido o título separado | Español |
| 082 ## - CLASIFICACIÓN DECIMAL DEWEY | |
| Número de clasificación | 657.42 V434c |
| 100 ## - AUTOR PERSONAL | |
| Nombre de persona | Velásquez Álvarez, Jorge |
| 245 ## - TÍTULO PROPIAMENTE DICHO | |
| Título | Contabilidad de costos: una forma de ordenar el proceso |
| 260 ## - PIE DE IMPRENTA | |
| Lugar de publicación, distribución, etc. | Costa Rica |
| Nombre del editor, distribuidor, etc. | EUNA |
| Fecha de publicación, distribución, etc. | 2012 |
| 300 ## - DESCRIPCIÓN FÍSICA | |
| Extensión | 231 páginas |
| 650 ## - Materia General | |
| Materia general | CONTABILIDAD DE COSTOS |
| 650 ## - Materia General | |
| Materia general | COSTOS |
| 650 ## - Materia General | |
| Materia general | ADMINISTRACIÓN |
| 650 ## - Materia General | |
| Materia general | PLANEACIÓN CONTROL |
| 650 ## - Materia General | |
| Materia general | ACUMULACIÓN DE COSTOS |
| 650 ## - Materia General | |
| Materia general | SISTEMAS DE COSTOS |
| 650 ## - Materia General | |
| Materia general | COSTEO VARIABLE |
| 692 ## - Carreras | |
| Carrera | Dirección y Administración de Empresas |
| 942 ## - Punto de Acceso Adicional Koha | |
| Tipo de ítem Koha | Libro |
| Estado perdido | Estado dañado | No para préstamo | Biblioteca permanente | Biblioteca actual | Signatura completa | Código de barras | Precio efectivo a partir del | Programa Académico | Tipo de ítem |
|---|---|---|---|---|---|---|---|---|---|
| Departamento de Biblioteca y Documentación Alfonso Chase Brenes | Departamento de Biblioteca y Documentación Alfonso Chase Brenes | 657.42 V434c | 18855 | 13/10/2016 | Dirección y Administración de Empresas | Libro | |||
| Departamento de Biblioteca y Documentación Alfonso Chase Brenes | Departamento de Biblioteca y Documentación Alfonso Chase Brenes | 657.42 V434c | 18159 | 13/10/2016 | Dirección y Administración de Empresas | Libro | |||
| Departamento de Biblioteca y Documentación Alfonso Chase Brenes | Departamento de Biblioteca y Documentación Alfonso Chase Brenes | 657.42 V434c | 18160 | 13/10/2016 | Dirección y Administración de Empresas | Libro | |||
| Departamento de Biblioteca y Documentación Alfonso Chase Brenes | Departamento de Biblioteca y Documentación Alfonso Chase Brenes | 657.42 V434c | 18161 | 13/10/2016 | Dirección y Administración de Empresas | Libro | |||
| Departamento de Biblioteca y Documentación Alfonso Chase Brenes | Departamento de Biblioteca y Documentación Alfonso Chase Brenes | 657.42 V434c | 18162 | 13/10/2016 | Dirección y Administración de Empresas | Libro |